Every Song by the Cranberries - Statistics

General Stats
  • This quiz has been taken 95 times
    91 since last reset
  • The average score is 60 of 124
Answer Stats
Hint Answer % Correct
No Need to Argue(1994) Zombie
98%
Everybody Else Is Doing It, So Why Can't We?(1993) Dreams
87%
Everybody Else Is Doing It, So Why Can't We?(1993) Linger
87%
Everybody Else Is Doing It, So Why Can't We?(1993) Sunday
73%
No Need to Argue(1994) Ode to My Family
71%
Stars: The Best of 1992–2002(2003) Stars
71%
To the Faithful Departed(1996) When You're Gone
71%
Bury the Hatchet(1999) Promises
67%
Roses(2012) Roses
67%
No Need to Argue(1994) No Need to Argue
65%
Everybody Else Is Doing It, So Why Can't We?(1993) Pretty
65%
To the Faithful Departed(1996) Salvation
65%
Uncertain(1991) Uncertain
63%
To the Faithful Departed(1996) Bosnia
62%
Everybody Else Is Doing It, So Why Can't We?(1993) How
62%
In the End(2019) In the End
62%
No Need to Argue(1994) Daffodil Lament
60%
No Need to Argue(1994) Dreaming My Dreams
60%
To the Faithful Departed(1996) Joe
60%
No Need to Argue(1994) The Icicle Melts
60%
Roses(2012) Tomorrow
60%
Everybody Else Is Doing It, So Why Can't We?(1993) Waltzing Back
60%
Bury the Hatchet(1999) You and Me
60%
To the Faithful Departed(1996) I Just Shot John Lennon
58%
Stars: The Best of 1992–2002(2003) New New York
58%
Nothing Left at All(1990) Nothing Left at All
58%
No Need to Argue(1994) Ridiculous Thoughts
58%
Wake Up and Smell the Coffee(2001) Wake Up and Smell the Coffee
58%
Bury the Hatchet(1999) Desperate Andy
56%
No Need to Argue(1994) I Can't Be with You
56%
Everybody Else Is Doing It, So Why Can't We?(1993) I Still Do
56%
Bury the Hatchet(1999) Shattered
56%
No Need to Argue(Bonus)(1994) So Cold in Ireland
56%
Something Else(2017) The Glory
56%
Something Else(2017) Why?
56%
In the End(2019) All Over Now
54%
To the Faithful Departed(1996) Cordell
54%
No Need to Argue(1994) Empty
54%
Wake Up and Smell the Coffee(2001) Analyse
52%
No Need to Argue(Bonus)(1994) Away
52%
Bury the Hatchet(1999) Delilah
52%
To the Faithful Departed(1996) Forever Yellow Skies
52%
No Need to Argue(Bonus)(1994) I Don't Need
52%
To the Faithful Departed(1996) Intermission
52%
Something Else(2017) Rupture
52%
Roses(2012) Schizophrenic Playboy
52%
To the Faithful Departed(1996) War Child
52%
To the Faithful Departed(1996) Will You Remember?
52%
Roses(2012) Conduct
50%
To the Faithful Departed(1996) Hollywood
50%
To the Faithful Departed(1996) I'm Still Remembering
50%
Wake Up and Smell the Coffee(2001) Never Grow Old
50%
Everybody Else Is Doing It, So Why Can't We?(1993) Put Me Down
50%
Roses(2012) Raining in My Heart
50%
Bury the Hatchet(1999) Saving Grace
50%
Everybody Else Is Doing It, So Why Can't We?(1993) Still Can't...
50%
In the End(2019) The Pressure
50%
Roses(2012) Waiting in Walthamstow
50%
Everybody Else Is Doing It, So Why Can't We?(1993) Wanted
50%
No Need to Argue(1994) Yeat's Grave
50%
Bury the Hatchet(1999) Dying in the Sun
48%
Roses(2012) Fire & Soul
48%
To the Faithful Departed(1996) Free to Decide
48%
In the End(2019) Lost
48%
Bury the Hatchet(1999) Loud and Clear
48%
No Need to Argue(1994) Twenty One
48%
Bury the Hatchet(Bonus)(1999) Woman Without Pride
48%
Wake Up and Smell the Coffee(2001) Chocolate Brown
46%
In the End(2019) Crazy Heart
46%
To the Faithful Departed(1996) Electric Blue
46%
Bury the Hatchet(1999) Just My Imagination
46%
In the End(2019) Summer Song
46%
Wake Up and Smell the Coffee(2001) This is the Day
46%
In the End(2019) Wake Me When It's Over
46%
No Need to Argue(1994) Disappointment
44%
Bury the Hatchet(1999) Fee Fi Fo
44%
Everybody Else Is Doing It, So Why Can't We?(1993) Not Sorry
44%
Wake Up and Smell the Coffee(2001) Pretty Eyes
44%
Roses(2012) So Good
44%
To the Faithful Departed(1996) The Rebels
44%
Everybody Else Is Doing It, So Why Can't We?(Bonus)(1993) What You Were
44%
Roses(2012) Astral Projections
42%
Wake Up and Smell the Coffee(Bonus)(2001) Cape Town
42%
In the End(2019) Catch Me If You Can
42%
Bury the Hatchet(1999) Copycat
42%
Wake Up and Smell the Coffee(2001) Dying Inside
42%
In the End(2019) Illusion
42%
Everybody Else Is Doing It, So Why Can't We?(1993) I Will Always
42%
Everybody Else Is Doing It, So Why Can't We?(Bonus)(1993) Liar
42%
Roses(2012) Losing My Mind
42%
Bury the Hatchet(Bonus)(1999) Paparazzi on Mopeds
42%
Nothing Left at All(1990) Pathetic Senses
42%
Bury the Hatchet(Bonus)(1999) Such a Shame
42%
Wake Up and Smell the Coffee(2001) The Concept
42%
Bury the Hatchet(1999) What's on My Mind
42%
Bury the Hatchet(1999) Animal Instict
40%
Water Circle(1990) Chrome Paint
40%
In the End(2019) Got It
40%
Roses(2012) Show Me
40%
Roses(Bonus)(2012) Always
38%
In the End(2019) A Place I Know
38%
Wake Up and Smell the Coffee(2001) Every Morning
38%
Everybody Else Is Doing It, So Why Can't We?(Bonus)(1993) Reason
38%
Bury the Hatchet(1999) Sorry Son
38%
To the Faithful Departed(Bonus)(1996) The Picture I View
38%
Wake Up and Smell the Coffee(2001) Carry On
37%
No Need to Argue(1994) Everything I Said
37%
Roses(Bonus)(2012) Perfect World
37%
Roses(Bonus)(2012) Serendipity
37%
Nothing Left at All(1990) Shine Down
37%
Bury the Hatchet(Bonus)(1999) Sweetest Thing
37%
Everybody Else Is Doing It, So Why Can't We?(Bonus)(1993) Them
37%
Wake Up and Smell the Coffee(2001) Time is Ticking Out
37%
Wake Up and Smell the Coffee(2001) Do You Know
35%
Wake Up and Smell the Coffee(2001) I Really Hope
35%
Roses(Bonus)(2012) Someday
35%
Water Circle(1990) A Fast On
33%
Roses(Bonus)(2012) In It Together
33%
Bury the Hatchet(Bonus)(1999) Baby Blues
31%
Roses(Bonus)(2012) Stop Me
29%
Anything(1990) Storm in a Teacup
19%
Anything(1990) Good Morning God
15%
Anything(1990) Throw Me Down a Big Stairs
13%
Anything(1990) How's It Going to Bleed
8%
No matching quizzes found
Score Distribution
Percent of People with Each Score
Percentile by Number Answered
Your Score History
You have not taken this quiz since the last reset